<?xml version="1.0" encoding="UTF-8"?>
<marc:record xmlns:marc="http://www.loc.gov/MARC21/slim">
   <marc:leader>00000nam a2200000 a 4500</marc:leader>
   <marc:datafield ind1="1" ind2=" " tag="100">
      <marc:subfield code="a">Ahrens-Kramer, Renate</marc:subfield>
      <marc:subfield code="4">aut</marc:subfield>
      <marc:subfield code="e">Verfasser/-in</marc:subfield>
   </marc:datafield>
   <marc:datafield ind1="1" ind2=" " tag="100">
      <marc:subfield code="a">Arold, Marliese</marc:subfield>
      <marc:subfield code="4">aut</marc:subfield>
      <marc:subfield code="e">Verfasser/-in</marc:subfield>
   </marc:datafield>
   <marc:datafield ind1="1" ind2=" " tag="100">
      <marc:subfield code="a">Baresch, Martin</marc:subfield>
      <marc:subfield code="4">aut</marc:subfield>
      <marc:subfield code="e">Verfasser/-in</marc:subfield>
   </marc:datafield>
   <marc:datafield ind1="0" ind2="0" tag="245">
      <marc:subfield code="a">Das Vorlesebuch für kleine starke Helden</marc:subfield>
   </marc:datafield>
   <marc:datafield ind1="0" ind2="0" tag="245">
      <marc:subfield code="c">Ahrens-Kramer, Renate</marc:subfield>
   </marc:datafield>
   <marc:datafield ind1=" " ind2="1" tag="264">
      <marc:subfield code="a">Stuttgart</marc:subfield>
      <marc:subfield code="b">Esslinger</marc:subfield>
      <marc:subfield code="c">2018</marc:subfield>
   </marc:datafield>
   <marc:datafield ind1=" " ind2=" " tag="250">
      <marc:subfield code="a">3. Auflage</marc:subfield>
   </marc:datafield>
   <marc:datafield ind1="1" ind2=" " tag="520">
      <marc:subfield code="a">Angaben aus der Verlagsmeldung &#xD;
&#xD;
 &#xD;
&#xD;
  Das Vorlesebuch für kleine starke Helden / von Otfried Preußler, Michael Ende, Cornelia Funke, Hortense Ullrich, Dagmar H. Mueller, Renate Ahrens-Kramer, Marliese Arold, Maja von Vogel, Achim Bröger, Daniel Napp, Joachim Friedrich, Jo Pestum, Sigrid Heuck, Heinz Janisch, Luise Holthausen, Käthe Recheis, Rafik Schami, Max Kruse, Martin Baresch, Martina Gürth, Dorothee Haentjes, Brigitte Kolloch, Astrid Krömer, Manfred Mai, Annie M.G. Schmidt, Rebecca Hohlbein, Petra Wiese &#xD;
&#xD;
 &#xD;
&#xD;
  &#xD;
Vorlesen macht stark! 28 Geschichten von bekannten Autoren und Autorinnen wie Michael Ende, Otfried Preußler, Cornelia Funke uva. Selbst die Allerkleinsten können zu großen Helden werden, wie die Geschichten beweisen: Hier müssen sich winzige Zauberer, kugelrunde Könige und superkluge Uhus gegen Drachen, Piraten und Tigerkatzen behaupten. Jeder Held fängt klein an  Illustriert von Dirk Hennig.</marc:subfield>
   </marc:datafield>
   <marc:datafield ind1=" " ind2=" " tag="020">
      <marc:subfield code="a">9783480234486</marc:subfield>
      <marc:subfield code="9">9783480234486</marc:subfield>
   </marc:datafield>
   <marc:datafield ind1=" " ind2=" " tag="020">
      <marc:subfield code="a">3480234488</marc:subfield>
      <marc:subfield code="9">3480234488</marc:subfield>
   </marc:datafield>
   <marc:datafield ind1=" " ind2=" " tag="041">
      <marc:subfield code="a">ger</marc:subfield>
   </marc:datafield>
   <marc:datafield ind1=" " ind2=" " tag="300">
      <marc:subfield code="b">Illustrationen</marc:subfield>
   </marc:datafield>
   <marc:datafield ind1=" " ind2=" " tag="338">
      <marc:subfield code="a">Band</marc:subfield>
   </marc:datafield>
   <marc:datafield ind1=" " ind2=" " tag="300">
      <marc:subfield code="a">206 Seiten</marc:subfield>
   </marc:datafield>
</marc:record>
